000 00856nam a22002897a 4500
003 CHAP
005 20220817041943.0
008 971013s1965 r 00010 d
010 _a29869
011 _a30841
035 _a34953
040 _cCHAP
082 _a338.9
_bK8
100 0 0 _aKuznets, Simon.
_964156
245 _aEconomic growth and structure ; selected essays
260 _aNew York :
_bNorton,
_c1965
300 _a378 p.
590 _aBATCH-UPD
_b10
_c20130110
_lUCH01
_h0157
590 _aBATCH-UPD
_b10
_c20130110
_lUCH01
_h1025
590 _aBATCH-UPD
_b10
_c20130409
_lUCH01
_h2201
590 _aBATCH-UPD
_b10
_c20130914
_lUCH01
_h1149
590 _aCONVERSION
_b10
_c20130109
_lUCH01
_h1317
650 1 4 _aDesarrollo económico.
901 _aBK
942 _cLIBRO
949 _a338.9 K8
_bBC
_cLIBRO
_d33724000264214
_eLIBRO
_h6457
_i34953
_si
999 _c29869
_d29869